| 000 | 00550nam a22001697a 4500 | ||
|---|---|---|---|
| 008 | 151110b xxu||||| |||| 00| 0 eng d | ||
| 020 | _a9781680950236 | ||
| 082 |
_22015 _aDC 174.4 _bEn61 |
||
| 100 |
_9428 _aScott, Ronald and Mary Lewis _eEditors |
||
| 245 |
_aEntrepreneurship _bvalues and responsibility |
||
| 260 |
_aNew York: _bDelve Publishing LLC, _cc2015 |
||
| 300 |
_ax, 246 pages: _billustrations; _c25 cm. |
||
| 500 | _aIncludes references and index. | ||
| 650 | 0 |
_9429 _aEntrepreneurship |
|
| 700 |
_9430 _aMary Lewis _eEditor |
||
| 942 |
_2ddc _cDC |
||
| 999 |
_c226 _d226 |
||